مكتبة جامعة عجلون الوطنية

فهرس بحث المكتبة

Normal view MARC view
  • اللغة العربية-البلاغة الواضحة-البيان-المعاني-البديع

Entry Topical Term

Number of records used in: 1

001 - CONTROL NUMBER

  • control field: 17652

003 - CONTROL NUMBER IDENTIFIER

  • control field: JO-AjAnu

005 - DATE AND TIME OF LATEST TRANSACTION

  • control field: 20230606073120.0

008 - FIXED-LENGTH DATA ELEMENTS

  • fixed length control field: 230606|| aca||aabn | a|a d

040 ## - CATALOGING SOURCE

  • Original cataloging agency: JO-AjAnu
  • Transcribing agency: JO-AjAnu

150 ## - HEADING--TOPICAL TERM

  • Topical term or geographic name entry element: اللغة العربية-البلاغة الواضحة-البيان-المعاني-البديع

670 ## - SOURCE DATA FOUND

  • Source citation: Work cat.: (JO-AjAnu)9066: تأليف الجارم،علي؛ م.مشارك مصطفى أمين, author 17651, دليل البلاغة العربية الواضحة البيان والمعاني والبديع للمدراس الثانوية وهو يشتمل على حل جميع التمرينات التي تضمنها كتاب البلاغة الواضحة في اسلوب أدبي واضح